000 00415 a2200109 4500
100 1 _aVinogradov, E.M..
_eAutor
700 1 _aVinokurov, V.I..
_eAutor
700 1 _aCharcenko, I.P..
_eAutor
245 0 _aElektromagnitnaja sovmestimost' radioelektronnych sredstv /
_cVinogradov E.M., Vinokurov V.I., Charcenko I.P..
710 2 _aSudostroenie.
_eWydawca
_4pbl
260 _aLeningrad :
_bSudostroenie,
_c1986.
300 _a264 s.:
_bil.;
_c22 cm.
999 _c13559
_d13559